| 000 | 003780000a22001450004500 | ||
|---|---|---|---|
| 003 | MACL | ||
| 040 | _aMACL | ||
| 090 |
_c49617 _d49615 |
||
| 100 | _aGupta,Anurdha | ||
| 245 | _aMadhya Pradesh MP PET Success Package A Complete Resource book for M.P. Eng. Ent. Exam. | ||
| 260 |
_aMeerut _bArihant Prakashan _c2014 |
||
| 350 | _a710 | ||
| 650 | _aEngineering | ||
| 942 |
_cBOOK _k620 |
||
| 999 |
_c49090 _d49090 |
||